000 00300nam a2200121Ia 4500
008 220204s9999 xx 000 0 und d
082 _a303
_bGIL
100 _aGillott, J
245 0 _aScience and the retreat from reason
260 _aLondon
_bMerlin Press
_c1995
700 _aKumar, M
942 _cBK
999 _c41359
_d41359